| 000 | 00506nam a2200145 4500 | ||
|---|---|---|---|
| 999 |
_c15474 _d15474 |
||
| 008 | 200527b ||||| |||| 00| 0 eng d | ||
| 022 | _a2094-8042 | ||
| 082 | _aDPer 370.105 M72 June 2010-Mar 2011 v. 59 n. 1-10 | ||
| 100 |
_aRasco, Czarina S. _942222 |
||
| 245 |
_aBiblical citings related to teaching/ _cCzarina S. Rasco. |
||
| 260 |
_aPhilippines: _bIn the Grade School, Inc., _cc2010-2011. |
||
| 300 |
_av59 n5, pages 184-185: _billustrations; _c28 cm. |
||
| 650 |
_aTeachings. _942161 |
||
| 942 |
_2ddc _cPER |
||